[Event "DEM U16w 2021"]
[Site "Willingen GER"]
[Date "2021.08.29"]
[Round "9"]
[White "Derling, Charlotte"]
[Black "Wörz, Ann-Sophie"]
[Result "1/2-1/2"]
[Termination "normal"]
[Board "8"]
[WhiteElo "1432"]
[BlackElo "1563"]
[WhiteClock "00:12:31"]
[BlackClock "00:22:23"]
[PlyCount "108"]
[WhiteFideId "16222237"]
[BlackFideId "16265890"]
[EventCountry "GER"]
[EventRounds "9"]
[EventType "swiss"]
[EventDate "2021.08.22"]

1. e4 {[%clk 1:30:57]} d6 {[%clk 1:30:57]} 2. d4 {[%clk 1:31:10]} Nf6 {[%clk
1:31:23]} 3. Nc3 {[%clk 1:31:12]} g6 {[%clk 1:31:47]} 4. Bg5 {[%clk 1:31:15]}
Bg7 {[%clk 1:32:08]} 5. Qd2 {[%clk 1:31:27]} O-O {[%clk 1:32:22]} 6. Bh6 {[%clk
1:29:34]} c5 {[%clk 1:32:37]} 7. Bxg7 {[%clk 1:29:47]} Kxg7 {[%clk 1:33:05]} 8.
d5 {[%clk 1:30:04]} e6 {[%clk 1:29:51]} 9. O-O-O {[%clk 1:20:29]} Ne8 {[%clk
1:25:41]} 10. Nf3 {[%clk 1:13:20]} e5 {[%clk 1:20:00]} 11. h4 {[%clk 1:06:30]}
h5 {[%clk 1:18:35]} 12. Be2 {[%clk 0:57:43]} a6 {[%clk 1:14:39]} 13. Ng5 {[%clk
0:49:30]} b5 {[%clk 0:58:40]} 14. f4 {[%clk 0:47:32]} exf4 {[%clk 0:54:14]} 15.
Qxf4 {[%clk 0:47:44]} Nf6 {[%clk 0:43:02]} 16. Rdf1 {[%clk 0:44:38]} Qe7 {[%clk
0:42:14]} 17. Nd1 {[%clk 0:29:04]} Nxd5 {[%clk 0:26:44]} 18. exd5 {[%clk
0:25:48]} f6 {[%clk 0:22:02]} 19. Ne4 {[%clk 0:17:35]} f5 {[%clk 0:20:07]} 20.
Ng3 {[%clk 0:16:58]} Nd7 {[%clk 0:14:05]} 21. Ne3 {[%clk 0:13:00]} Ne5 {[%clk
0:13:35]} 22. Bxh5 {[%clk 0:07:05]} gxh5 {[%clk 0:12:53]} 23. Nexf5+ {[%clk
0:06:24]} Bxf5 {[%clk 0:12:40]} 24. Nxf5+ {[%clk 0:06:46]} Rxf5 {[%clk
0:12:43]} 25. Qxf5 {[%clk 0:07:04]} Rf8 {[%clk 0:10:27]} 26. Qxh5 {[%clk
0:06:11]} Ng6 {[%clk 0:07:53]} 27. Qd1 {[%clk 0:04:21]} Nxh4 {[%clk 0:05:55]}
28. Qg4+ {[%clk 0:03:55]} Ng6 {[%clk 0:06:13]} 29. Rxf8 {[%clk 0:03:52]} Qxf8
{[%clk 0:06:36]} 30. Qd7+ {[%clk 0:02:53]} Qe7 {[%clk 0:06:19]} 31. Qxe7+
{[%clk 0:02:09]} Nxe7 {[%clk 0:06:47]} 32. Rd1 {[%clk 0:01:50]} Kg6 {[%clk
0:05:58]} 33. b3 {[%clk 0:01:31]} Nf5 {[%clk 0:05:51]} 34. Re1 {[%clk 0:01:05]}
b4 {[%clk 0:04:25]} 35. Kd2 {[%clk 0:00:45]} Kg5 {[%clk 0:04:31]} 36. Kd3
{[%clk 0:00:46]} Kg4 {[%clk 0:04:29]} 37. Rg1 {[%clk 0:00:35]} Kg3 {[%clk
0:04:37]} 38. Rf1 {[%clk 0:00:46]} Kg4 {[%clk 0:04:53]} 39. Kd2 {[%clk
0:00:43]} Kg5 {[%clk 0:04:56]} 40. Ke2 {[%clk 0:00:35]} Ng3+ {[%clk 0:05:14]}
41. Kf2 {[%clk 0:27:49]} Nxf1 {[%clk 0:35:39]} 42. Kxf1 {[%clk 0:28:09]} Kf4
{[%clk 0:34:52]} 43. Kf2 {[%clk 0:28:13]} Ke4 {[%clk 0:32:55]} 44. g3 {[%clk
0:23:26]} Kxd5 {[%clk 0:28:24]} 45. Ke3 {[%clk 0:21:50]} Ke5 {[%clk 0:28:34]}
46. g4 {[%clk 0:20:31]} d5 {[%clk 0:27:50]} 47. Kf3 {[%clk 0:17:46]} c4 {[%clk
0:22:44]} 48. bxc4 {[%clk 0:14:44]} dxc4 {[%clk 0:22:52]} 49. Ke3 {[%clk
0:14:57]} a5 {[%clk 0:22:57]} 50. g5 {[%clk 0:14:15]} a4 {[%clk 0:23:20]} 51.
g6 {[%clk 0:13:26]} Kf6 {[%clk 0:23:47]} 52. Kd4 {[%clk 0:12:15]} b3 {[%clk
0:23:10]} 53. cxb3 {[%clk 0:12:09]} cxb3 {[%clk 0:22:03]} 54. axb3 {[%clk
0:12:31]} axb3 {[%clk 0:22:23]} 1/2-1/2

[Event "DEM U16w 2021"]
[Site "Willingen GER"]
[Date "2021.08.29"]
[Round "9"]
[White "Zöllner, Bente"]
[Black "Jacobasch, Ronja"]
[Result "1-0"]
[Termination "normal"]
[Board "9"]
[WhiteElo "1620"]
[BlackElo "1421"]
[WhiteClock "00:16:24"]
[BlackClock "00:29:24"]
[PlyCount "120"]
[WhiteFideId "16230523"]
[BlackFideId "34604340"]
[EventCountry "GER"]
[EventRounds "9"]
[EventType "swiss"]
[EventDate "2021.08.22"]

1. d4 {[%clk 1:30:57]} g6 {[%clk 1:30:54]} 2. Nf3 {[%clk 1:31:15]} Bg7 {[%clk
1:31:13]} 3. c4 {[%clk 1:31:14]} d6 {[%clk 1:30:50]} 4. Nc3 {[%clk 1:31:13]}
Nd7 {[%clk 1:30:41]} 5. Bg5 {[%clk 1:29:07]} h6 {[%clk 1:28:01]} 6. Bh4 {[%clk
1:29:13]} Ngf6 {[%clk 1:26:11]} 7. e3 {[%clk 1:28:52]} O-O {[%clk 1:25:49]} 8.
Be2 {[%clk 1:28:43]} e5 {[%clk 1:19:49]} 9. dxe5 {[%clk 1:28:39]} dxe5 {[%clk
1:12:08]} 10. Qc2 {[%clk 1:25:40]} c6 {[%clk 1:09:42]} 11. O-O {[%clk 1:23:58]}
Qc7 {[%clk 1:08:58]} 12. Rad1 {[%clk 1:20:33]} Nb6 {[%clk 1:06:27]} 13. c5
{[%clk 1:13:58]} Nbd5 {[%clk 1:01:52]} 14. Bg3 {[%clk 1:10:59]} Nh5 {[%clk
0:58:06]} 15. Nxd5 {[%clk 1:09:10]} cxd5 {[%clk 0:58:08]} 16. Rxd5 {[%clk
1:08:16]} Nxg3 {[%clk 0:57:54]} 17. hxg3 {[%clk 1:07:58]} Be6 {[%clk 0:56:40]}
18. Rd2 {[%clk 1:06:30]} Rad8 {[%clk 0:49:57]} 19. Rfd1 {[%clk 1:03:14]} Rxd2
{[%clk 0:49:43]} 20. Rxd2 {[%clk 8:02:33]} Qa5 {[%clk 0:47:59]} 21. Bc4 {[%clk
0:54:52]} Bg4 {[%clk 0:37:11]} 22. Rd6 {[%clk 0:44:00]} Kh8 {[%clk 0:31:55]}
23. Bd5 {[%clk 0:35:43]} Qc7 {[%clk 0:21:03]} 24. Nd2 {[%clk 0:29:48]} Rc8
{[%clk 0:17:48]} 25. Ne4 f5 {[%clk 0:09:04]} 26. Be6 {[%clk 0:18:43]} fxe4
{[%clk 0:07:03]} 27. Bxg4 {[%clk 0:17:28]} Qxc5 {[%clk 0:06:55]} 28. Qxc5
{[%clk 0:17:21]} Rxc5 {[%clk 0:07:24]} 29. Rd7 {[%clk 0:14:09]} Rc1+ {[%clk
0:04:56]} 30. Bd1 {[%clk 0:13:56]} Bf8 {[%clk 0:03:34]} 31. Kf1 {[%clk
0:13:22]} Ra1 {[%clk 0:03:08]} 32. a3 {[%clk 0:13:13]} Rb1 {[%clk 0:03:16]} 33.
Rd2 {[%clk 0:13:19]} Kg7 {[%clk 0:02:39]} 34. Ke2 {[%clk 0:13:16]} Kf6 {[%clk
0:02:08]} 35. a4 {[%clk 0:10:45]} b6 {[%clk 0:02:08]} 36. Rc2 {[%clk 0:08:18]}
Kf5 {[%clk 0:01:53]} 37. Rd2 {[%clk 0:01:20]} Bb4 {[%clk 0:01:48]} 38. Rc2
{[%clk 0:01:31]} Bc5 {[%clk 0:01:49]} 39. Rd2 {[%clk 0:01:16]} Bb4 {[%clk
0:02:15]} 40. Rc2 {[%clk 0:01:34]} Bc5 {[%clk 0:02:40]} 41. f3 {[%clk 0:15:44]}
exf3+ {[%clk 0:32:04]} 42. gxf3 {[%clk 0:16:06]} g5 {[%clk 0:31:33]} 43. Rxc5
{[%clk 0:15:14]} bxc5 {[%clk 0:31:52]} 44. Bc2+ {[%clk 0:15:32]} Kf6 {[%clk
0:31:45]} 45. Bxb1 {[%clk 0:15:58]} h5 {[%clk 0:31:46]} 46. f4 {[%clk 0:14:00]}
exf4 {[%clk 0:31:13]} 47. exf4 {[%clk 0:14:08]} a5 {[%clk 0:27:21]} 48. fxg5+
{[%clk 0:12:34]} Kxg5 {[%clk 0:27:43]} 49. Be4 {[%clk 0:12:25]} Kg4 {[%clk
0:25:28]} 50. Bf3+ {[%clk 0:12:30]} Kxg3 {[%clk 0:25:47]} 51. Bxh5 {[%clk
0:12:56]} Kf4 {[%clk 0:26:10]} 52. Kd3 {[%clk 0:13:21]} Ke5 {[%clk 0:26:33]}
53. Kc4 {[%clk 0:13:45]} Kd6 {[%clk 0:26:53]} 54. Bf3 {[%clk 0:14:07]} Kc7
{[%clk 0:27:14]} 55. Kxc5 {[%clk 0:14:28]} Kb8 {[%clk 0:27:34]} 56. Kb5 {[%clk
0:14:52]} Ka7 {[%clk 0:27:56]} 57. Kxa5 {[%clk 0:15:16]} Kb8 {[%clk 0:28:22]}
58. Kb6 {[%clk 0:15:34]} Kc8 {[%clk 0:28:44]} 59. a5 {[%clk 0:15:59]} Kb8
{[%clk 0:29:06]} 60. a6 {[%clk 0:16:24]} Kc8 {[%clk 0:29:24]} 1-0

[Event "DEM U16w 2021"]
[Site "Willingen GER"]
[Date "2021.08.29"]
[Round "9"]
[White "Krause, Ricarda Sophie"]
[Black "Werner, Rosalie"]
[Result "0-1"]
[Termination "normal"]
[Board "10"]
[WhiteElo "1474"]
[BlackElo "1741"]
[WhiteClock "00:10:54"]
[BlackClock "00:18:32"]
[PlyCount "106"]
[WhiteFideId "16282930"]
[BlackFideId "16223748"]
[EventCountry "GER"]
[EventRounds "9"]
[EventType "swiss"]
[EventDate "2021.08.22"]

1. e4 {[%clk 1:30:57]} e6 {[%clk 1:30:54]} 2. Nf3 {[%clk 1:31:17]} d5 {[%clk
1:31:14]} 3. Nc3 {[%clk 1:31:20]} Nf6 {[%clk 1:31:33]} 4. e5 {[%clk 1:30:32]}
Nfd7 {[%clk 1:31:54]} 5. d4 {[%clk 1:29:14]} c5 {[%clk 1:31:35]} 6. dxc5 {[%clk
1:26:22]} Bxc5 {[%clk 1:30:40]} 7. Bf4 {[%clk 1:22:21]} a6 {[%clk 1:29:21]} 8.
Bd3 {[%clk 1:17:00]} Nc6 {[%clk 1:26:38]} 9. O-O {[%clk 1:12:29]} b5 {[%clk
1:25:04]} 10. a3 {[%clk 0:57:19]} Be7 {[%clk 1:14:53]} 11. Qd2 {[%clk 0:43:21]}
Bb7 {[%clk 1:13:40]} 12. Ne2 {[%clk 0:30:32]} Qc7 {[%clk 1:06:05]} 13. Rfe1
{[%clk 0:16:52]} Ncxe5 {[%clk 0:59:29]} 14. Nxe5 {[%clk 0:15:45]} Nxe5 {[%clk
0:59:48]} 15. Qe3 {[%clk 0:14:33]} Bd6 {[%clk 0:55:47]} 16. Qg3 {[%clk
0:14:11]} O-O-O {[%clk 0:52:36]} 17. Rac1 {[%clk 0:10:01]} Ng6 {[%clk 0:36:08]}
18. Bxd6 {[%clk 0:09:47]} Qxd6 {[%clk 0:36:20]} 19. Qe3 {[%clk 0:09:18]} Kb8
{[%clk 0:34:46]} 20. Nd4 {[%clk 0:08:44]} Ne7 {[%clk 0:20:59]} 21. Nb3 Nc8
{[%clk 0:08:21]} 22. Na5 {[%clk 0:06:39]} Rde8 {[%clk 0:06:07]} 23. Nxb7 {[%clk
0:06:40]} Kxb7 {[%clk 0:06:29]} 24. Qf3 {[%clk 0:06:12]} f6 {[%clk 0:05:13]}
25. Red1 {[%clk 0:06:01]} Qc6 {[%clk 0:04:05]} 26. Qg3 {[%clk 0:04:56]} Qc7
{[%clk 0:04:07]} 27. Qf3 {[%clk 0:04:43]} Nb6 {[%clk 0:04:16]} 28. Qe2 {[%clk
0:04:33]} Nc4 {[%clk 0:03:16]} 29. Bxc4 {[%clk 0:04:21]} Qxc4 {[%clk 0:03:27]}
30. Qxc4 {[%clk 0:04:27]} bxc4 {[%clk 0:03:52]} 31. Rd2 {[%clk 0:04:21]} Rc8
{[%clk 0:03:13]} 32. Re1 {[%clk 0:02:46]} Rc6 {[%clk 0:03:00]} 33. Rde2 {[%clk
0:02:57]} Re8 {[%clk 0:02:44]} 34. Re3 {[%clk 0:02:37]} Kc7 {[%clk 0:02:50]}
35. Rh3 {[%clk 0:02:14]} h6 {[%clk 0:03:11]} 36. Rg3 {[%clk 0:02:28]} Re7
{[%clk 0:03:31]} 37. Rg6 {[%clk 0:02:35]} Rb6 {[%clk 0:03:30]} 38. Rb1 {[%clk
0:02:28]} Kd6 {[%clk 0:03:36]} 39. Rg3 {[%clk 0:02:27]} Reb7 {[%clk 0:03:38]}
40. b3 {[%clk 0:02:38]} a5 {[%clk 0:03:09]} 41. Kf1 {[%clk 0:02:17]} cxb3
{[%clk 0:26:01]} 42. cxb3 {[%clk 0:30:52]} e5 {[%clk 0:25:35]} 43. Ke2 {[%clk
0:29:53]} d4 {[%clk 0:23:50]} 44. Rd3 {[%clk 0:21:30]} Kd5 {[%clk 0:23:43]} 45.
f3 {[%clk 0:19:07]} f5 {[%clk 0:23:31]} 46. a4 {[%clk 0:11:06]} e4 {[%clk
0:21:44]} 47. fxe4+ {[%clk 0:11:22]} fxe4 {[%clk 0:21:56]} 48. Rg3 {[%clk
0:11:30]} d3+ {[%clk 0:18:04]} 49. Kd2 {[%clk 0:11:25]} Kd4 {[%clk 0:17:40]}
50. h4 {[%clk 0:10:37]} Rxb3 {[%clk 0:17:30]} 51. Rxb3 {[%clk 0:10:43]} Rxb3
{[%clk 0:17:54]} 52. Rxg7 {[%clk 0:10:43]} e3+ {[%clk 0:18:08]} 53. Kd1 {[%clk
0:10:54]} Rb1# {[%clk 0:18:32]} 0-1

[Event "DEM U16w 2021"]
[Site "Willingen GER"]
[Date "2021.08.29"]
[Round "9"]
[White "Margaryan, Susanna"]
[Black "Hafermann, Lara"]
[Result "1-0"]
[Termination "normal"]
[Board "11"]
[WhiteElo "1494"]
[BlackElo "1349"]
[WhiteClock "00:56:41"]
[BlackClock "00:36:04"]
[PlyCount "65"]
[WhiteFideId "16268210"]
[BlackFideId "16298306"]
[EventCountry "GER"]
[EventRounds "9"]
[EventType "swiss"]
[EventDate "2021.08.22"]

1. d4 {[%clk 1:30:46]} d5 {[%clk 1:30:54]} 2. Bf4 {[%clk 1:31:04]} Nf6 {[%clk
1:31:08]} 3. Nf3 {[%clk 1:31:20]} c5 {[%clk 1:31:28]} 4. e3 {[%clk 1:31:10]}
Nc6 {[%clk 1:31:44]} 5. c3 {[%clk 1:30:54]} Qb6 {[%clk 1:31:57]} 6. Qb3 {[%clk
1:28:57]} c4 {[%clk 1:31:59]} 7. Qxb6 {[%clk 1:27:53]} axb6 {[%clk 1:32:27]} 8.
Nbd2 {[%clk 1:25:42]} b5 {[%clk 1:30:55]} 9. Be2 {[%clk 1:23:01]} b4 {[%clk
1:28:45]} 10. O-O {[%clk 1:20:21]} bxc3 {[%clk 1:27:46]} 11. bxc3 {[%clk
1:20:37]} Bf5 {[%clk 1:27:06]} 12. Nh4 {[%clk 1:18:31]} Bg6 {[%clk 1:22:06]}
13. Nxg6 {[%clk 1:18:28]} hxg6 {[%clk 1:22:34]} 14. Rfb1 {[%clk 1:18:01]} Ra3
{[%clk 1:15:42]} 15. Rxb7 {[%clk 1:15:55]} Rxc3 {[%clk 1:13:51]} 16. Nf3 {[%clk
1:13:28]} e6 {[%clk 1:10:22]} 17. a4 {[%clk 1:11:02]} Ra3 {[%clk 0:51:59]} 18.
Rxa3 {[%clk 1:08:35]} Bxa3 {[%clk 0:51:25]} 19. Ne5 {[%clk 1:04:16]} Nd8 {[%clk
0:47:15]} 20. Rb8 {[%clk 1:02:33]} Nd7 {[%clk 0:40:18]} 21. Rxd8+ {[%clk
1:02:35]} Kxd8 {[%clk 0:40:10]} 22. Nxf7+ {[%clk 1:02:58]} Ke7 {[%clk 0:39:45]}
23. Nxh8 {[%clk 1:03:16]} Nb6 {[%clk 0:37:57]} 24. Bd1 {[%clk 1:02:26]} c3 25.
Nxg6+ {[%clk 1:01:35]} Kd7 {[%clk 0:38:03]} 26. Be5 {[%clk 0:58:34]} Nc4 {[%clk
0:37:01]} 27. Bxg7 {[%clk 0:58:13]} Bd6 {[%clk 0:36:18]} 28. Ne5+ {[%clk
0:58:08]} Bxe5 {[%clk 0:36:16]} 29. Bxe5 {[%clk 0:58:29]} Na3 {[%clk 0:36:34]}
30. h4 {[%clk 0:58:03]} Ke7 {[%clk 0:35:37]} 31. a5 {[%clk 0:56:12]} c2 {[%clk
0:35:39]} 32. Bxc2 {[%clk 0:56:37]} Nxc2 {[%clk 0:36:04]} 33. a6 {[%clk
0:56:41]} 1-0

[Event "DEM U14 2021"]
[Site "Willingen GER"]
[Date "2021.08.23"]
[Round "1"]
[White "Sundui, Chinguun"]
[Black "Deuer, Marius"]
[Result "0-1"]
[Termination "normal"]
[Board "2"]
[BlackTitle "FM"]
[WhiteElo "1853"]
[BlackElo "2163"]
[WhiteClock "00:27:34"]
[BlackClock "00:17:54"]
[PlyCount "92"]
[WhiteFideId "4907930"]
[BlackFideId "16236432"]
[EventCountry "GER"]
[EventRounds "9"]
[EventType "swiss"]
[EventDate "2021.08.22"]

1. d4 {[%clk 1:30:57]} Nf6 {[%clk 1:30:42]} 2. Nf3 {[%clk 1:31:22]} e6 {[%clk
1:31:06]} 3. e3 {[%clk 1:31:47]} b6 {[%clk 1:30:46]} 4. Bd3 {[%clk 1:31:56]}
Bb7 {[%clk 1:30:53]} 5. O-O {[%clk 1:32:08]} c5 {[%clk 1:29:12]} 6. b3 {[%clk
1:32:05]} Be7 {[%clk 1:22:00]} 7. Bb2 {[%clk 1:32:08]} O-O {[%clk 1:21:38]} 8.
Nbd2 {[%clk 1:31:42]} Nc6 {[%clk 1:19:32]} 9. Re1 {[%clk 1:29:07]} Rc8 {[%clk
1:18:01]} 10. a3 {[%clk 1:27:43]} h6 {[%clk 1:16:06]} 11. Qe2 {[%clk 1:23:35]}
Qc7 {[%clk 1:08:21]} 12. h3 d6 {[%clk 0:57:51]} 13. Ne4 {[%clk 1:07:16]} Nxe4
{[%clk 0:56:56]} 14. Bxe4 {[%clk 1:07:16]} d5 {[%clk 0:57:22]} 15. Bd3 {[%clk
1:07:14]} Bf6 {[%clk 0:57:23]} 16. Qd2 {[%clk 0:58:24]} e5 {[%clk 0:52:04]} 17.
Nxe5 {[%clk 0:55:25]} Nxe5 {[%clk 0:52:17]} 18. dxe5 {[%clk 0:55:48]} Bxe5
{[%clk 0:52:43]} 19. c4 {[%clk 0:53:01]} Rcd8 {[%clk 0:45:24]} 20. Bxe5 {[%clk
0:46:01]} Qxe5 {[%clk 0:45:46]} 21. Qc2 {[%clk 0:46:20]} dxc4 {[%clk 0:40:22]}
22. Bxc4 {[%clk 0:43:42]} Be4 {[%clk 0:40:00]} 23. Qe2 {[%clk 0:43:17]} Rd6
{[%clk 0:39:54]} 24. Rad1 {[%clk 0:40:52]} Rg6 {[%clk 0:33:52]} 25. f3 {[%clk
0:40:15]} Bc6 {[%clk 0:34:15]} 26. e4 {[%clk 0:38:08]} Qg3 {[%clk 0:32:21]} 27.
Kh1 {[%clk 0:37:44]} b5 {[%clk 0:28:03]} 28. Bd5 {[%clk 0:37:40]} Bd7 {[%clk
0:28:26]} 29. Rf1 {[%clk 0:36:46]} Qf4 {[%clk 0:21:30]} 30. Qd2 {[%clk
0:34:18]} Qh4 {[%clk 0:11:05]} 31. Qf2 {[%clk 0:33:58]} Qe7 {[%clk 0:10:16]}
32. Rd2 {[%clk 0:29:42]} Ra6 {[%clk 0:05:40]} 33. Rfd1 {[%clk 0:27:37]} Rxa3
{[%clk 0:01:06]} 34. Bxf7+ {[%clk 0:26:52]} Qxf7 {[%clk 0:00:36]} 35. Rxd7
{[%clk 0:27:16]} Qxb3 {[%clk 0:00:48]} 36. Qxc5 {[%clk 0:27:22]} Rxf3 {[%clk
0:00:36]} 37. Rxg7+ {[%clk 0:05:34]} Kxg7 {[%clk 0:00:53]} 38. Qe5+ {[%clk
0:05:52]} Kh7 {[%clk 0:00:35]} 39. Rd7+ {[%clk 0:05:52]} Rf7 {[%clk 0:00:58]}
40. Qf5+ {[%clk 0:06:16]} Kg7 {[%clk 0:00:35]} 41. Qe5+ {[%clk 0:06:31]} Kg6
{[%clk 0:24:29]} 42. Rd6+ {[%clk 0:35:01]} Kh7 {[%clk 0:23:49]} 43. Rd8 {[%clk
0:29:39]} Qb1+ {[%clk 0:17:19]} 44. Kh2 {[%clk 0:29:57]} Rxh3+ {[%clk 0:17:36]}
45. gxh3 {[%clk 0:27:16]} Qc2+ {[%clk 0:17:44]} 46. Kg3 {[%clk 0:27:34]} Qf2+
{[%clk 0:17:54]} 0-1

[Event "DEM U14 2021"]
[Site "Willingen GER"]
[Date "2021.08.23"]
[Round "1"]
[White "Hagner, Bennet"]
[Black "Ehrig, Leon Chris"]
[Result "1/2-1/2"]
[Termination "normal"]
[Board "3"]
[WhiteElo "2118"]
[BlackElo "1671"]
[WhiteClock "00:03:21"]
[BlackClock "00:02:35"]
[PlyCount "102"]
[WhiteFideId "16224477"]
[BlackFideId "16244796"]
[EventCountry "GER"]
[EventRounds "9"]
[EventType "swiss"]
[EventDate "2021.08.22"]

1. e4 {[%clk 1:30:57]} c5 {[%clk 1:30:43]} 2. Nf3 {[%clk 1:31:21]} e6 {[%clk
1:31:10]} 3. d4 {[%clk 1:31:44]} cxd4 {[%clk 1:31:35]} 4. Nxd4 {[%clk 1:32:08]}
Nf6 {[%clk 1:31:55]} 5. Nc3 {[%clk 1:32:11]} Nc6 {[%clk 1:32:16]} 6. Ndb5
{[%clk 1:32:27]} d6 {[%clk 1:32:29]} 7. Bf4 {[%clk 1:32:48]} e5 {[%clk
1:32:51]} 8. Bg5 {[%clk 1:33:12]} a6 {[%clk 1:32:48]} 9. Na3 {[%clk 1:33:31]}
b5 {[%clk 1:33:00]} 10. Nd5 {[%clk 1:33:48]} Be7 {[%clk 1:32:46]} 11. Bxf6
{[%clk 1:34:08]} Bxf6 {[%clk 1:33:12]} 12. c3 {[%clk 1:34:29]} O-O {[%clk
1:33:01]} 13. Nc2 {[%clk 1:34:53]} Bg5 {[%clk 1:33:01]} 14. a4 {[%clk 1:35:06]}
Rb8 {[%clk 1:33:10]} 15. axb5 {[%clk 1:32:10]} axb5 {[%clk 1:33:31]} 16. Bd3
{[%clk 1:26:50]} Ne7 {[%clk 1:30:23]} 17. Nxe7+ {[%clk 1:17:52]} Bxe7 {[%clk
1:29:07]} 18. Nb4 {[%clk 1:17:12]} Bb7 {[%clk 1:25:15]} 19. O-O {[%clk
1:16:13]} g6 {[%clk 1:15:43]} 20. Bc2 {[%clk 1:04:56]} Kh8 {[%clk 1:08:03]} 21.
Qd3 {[%clk 0:55:20]} f5 {[%clk 1:02:41]} 22. f3 {[%clk 0:47:17]} Qb6+ {[%clk
0:43:19]} 23. Kh1 {[%clk 0:47:43]} Ra8 {[%clk 0:43:30]} 24. Rxa8 {[%clk
0:44:39]} Bxa8 {[%clk 0:41:46]} 25. exf5 {[%clk 0:31:31]} gxf5 {[%clk 0:33:27]}
26. Nd5 {[%clk 0:31:46]} Bxd5 {[%clk 0:29:27]} 27. Qxd5 {[%clk 0:32:14]} Qe3
{[%clk 0:23:23]} 28. Qxb5 {[%clk 0:30:01]} e4 {[%clk 0:22:02]} 29. Qd5 {[%clk
0:23:49]} Qe2 {[%clk 0:16:58]} 30. Qd1 {[%clk 0:23:15]} Qxd1 {[%clk 0:16:53]}
31. Rxd1 {[%clk 0:23:17]} e3 {[%clk 0:16:52]} 32. f4 {[%clk 0:22:30]} Rb8
{[%clk 0:15:28]} 33. Rb1 {[%clk 0:14:15]} Bf6 {[%clk 0:05:55]} 34. Kg1 {[%clk
0:14:02]} e2 {[%clk 0:05:51]} 35. Kf2 {[%clk 0:10:52]} e1=Q+ {[%clk 0:05:58]}
36. Kxe1 {[%clk 0:10:10]} Rxb2 {[%clk 0:06:19]} 37. Rxb2 {[%clk 0:05:07]} Bxc3+
{[%clk 0:06:42]} 38. Ke2 {[%clk 0:05:31]} Bxb2 {[%clk 0:07:08]} 39. Bxf5 {[%clk
0:05:55]} h6 {[%clk 0:07:28]} 40. Kf3 {[%clk 0:06:10]} Kg7 {[%clk 0:07:50]} 41.
Be6 {[%clk 0:05:26]} Kf6 {[%clk 0:08:04]} 42. Bb3 {[%clk 0:05:48]} Bc3 {[%clk
0:07:04]} 43. g4 {[%clk 0:05:35]} Be1 {[%clk 0:06:11]} 44. Ke2 {[%clk 0:05:54]}
Bc3 {[%clk 0:05:27]} 45. h4 {[%clk 0:06:08]} Bb2 {[%clk 0:04:12]} 46. Kf3
{[%clk 0:06:11]} Bc3 {[%clk 0:04:03]} 47. g5+ {[%clk 0:05:56]} hxg5 {[%clk
0:03:40]} 48. fxg5+ {[%clk 0:04:03]} Kg7 {[%clk 0:02:21]} 49. h5 {[%clk
0:04:20]} Bd2 {[%clk 0:02:13]} 50. h6+ {[%clk 0:03:22]} Kh8 {[%clk 0:02:35]}
51. Kg4 {[%clk 0:03:21]} Bxg5 1/2-1/2

[Event "DEM U14 2021"]
[Site "Willingen GER"]
[Date "2021.08.23"]
[Round "1"]
[White "Honstein, Michael"]
[Black "Bakiev, Diyor"]
[Result "0-1"]
[Termination "normal"]
[Board "4"]
[WhiteElo "1810"]
[BlackElo "2119"]
[WhiteClock "00:37:43"]
[BlackClock "00:19:50"]
[PlyCount "108"]
[WhiteFideId "16287053"]
[BlackFideId "16241584"]
[EventCountry "GER"]
[EventRounds "9"]
[EventType "swiss"]
[EventDate "2021.08.22"]

1. e4 {[%clk 1:30:58]} c6 {[%clk 1:30:49]} 2. d4 {[%clk 1:31:19]} d5 {[%clk
1:31:14]} 3. exd5 {[%clk 1:31:23]} cxd5 {[%clk 1:31:37]} 4. Bd3 {[%clk
1:31:33]} Nc6 {[%clk 1:31:59]} 5. c3 {[%clk 1:31:56]} Qc7 {[%clk 1:32:17]} 6.
h3 {[%clk 1:32:04]} Nf6 {[%clk 1:30:49]} 7. Nf3 {[%clk 1:31:44]} g6 {[%clk
1:28:02]} 8. O-O {[%clk 1:31:22]} Bg7 {[%clk 1:28:18]} 9. Be3 {[%clk 1:31:41]}
O-O {[%clk 1:27:20]} 10. Nbd2 {[%clk 1:30:26]} Bf5 {[%clk 1:23:50]} 11. Be2
{[%clk 1:27:55]} a6 {[%clk 1:16:36]} 12. Qc1 {[%clk 1:24:24]} b5 {[%clk
1:02:02]} 13. Nb3 {[%clk 1:22:19]} Ne4 {[%clk 0:57:34]} 14. Nfd2 {[%clk
1:19:56]} Na5 {[%clk 0:51:30]} 15. Nxe4 {[%clk 1:14:56]} Nxb3 {[%clk 0:48:00]}
16. axb3 {[%clk 1:15:23]} dxe4 {[%clk 0:45:39]} 17. Rd1 {[%clk 1:12:01]} Bd7
{[%clk 0:37:36]} 18. c4 {[%clk 1:00:02]} Qb7 {[%clk 0:34:06]} 19. c5 {[%clk
0:57:12]} Bc6 {[%clk 0:32:16]} 20. b4 {[%clk 0:52:36]} Rfd8 {[%clk 0:29:31]}
21. Qc3 {[%clk 0:48:36]} Qc7 {[%clk 0:26:20]} 22. g3 {[%clk 0:36:41]} Bb7
{[%clk 0:23:27]} 23. Rd2 {[%clk 0:33:01]} Qc6 {[%clk 0:20:56]} 24. Bf1 {[%clk
0:29:36]} Rd7 {[%clk 0:17:45]} 25. h4 {[%clk 0:28:46]} Rad8 {[%clk 0:15:59]}
26. Rad1 {[%clk 0:28:56]} h6 {[%clk 0:11:14]} 27. Bg2 {[%clk 0:27:08]} Qe6
{[%clk 0:10:40]} 28. Kh2 {[%clk 0:20:12]} Bd5 {[%clk 0:08:51]} 29. Ra1 {[%clk
0:19:12]} Bc4 {[%clk 0:05:05]} 30. Bf1 {[%clk 0:19:03]} Bd5 {[%clk 0:04:08]}
31. Bg2 {[%clk 0:19:25]} Rc8 {[%clk 0:03:26]} 32. Qc1 {[%clk 0:18:07]} f5
{[%clk 0:03:08]} 33. Rc2 {[%clk 0:13:53]} Kh7 {[%clk 0:02:50]} 34. c6 {[%clk
0:13:19]} Ra7 35. Bf1 {[%clk 0:12:56]} Raa8 {[%clk 0:02:12]} 36. c7 {[%clk
0:13:13]} Qd7 {[%clk 0:01:48]} 37. Rc5 {[%clk 0:12:51]} e6 {[%clk 0:01:34]} 38.
Rc2 {[%clk 0:10:17]} Ra7 {[%clk 0:01:41]} 39. Rc5 {[%clk 0:10:30]} Raa8 {[%clk
0:01:04]} 40. Rc3 {[%clk 0:08:16]} Ra7 {[%clk 0:00:56]} 41. Rc5 {[%clk
0:08:45]} Rcxc7 {[%clk 0:28:03]} 42. Bf4 {[%clk 0:35:28]} Rc6 {[%clk 0:20:38]}
43. Bxb5 {[%clk 0:34:37]} axb5 {[%clk 0:20:40]} 44. Rxa7 {[%clk 0:34:54]} Qxa7
{[%clk 0:20:53]} 45. Rxc6 {[%clk 0:35:20]} Bxc6 46. Qxc6 {[%clk 0:35:47]} Qxd4
{[%clk 0:21:30]} 47. Be3 {[%clk 0:36:04]} Qxb4 {[%clk 0:20:59]} 48. Qxe6 {[%clk
0:36:27]} Qxb2 {[%clk 0:21:16]} 49. h5 {[%clk 0:36:10]} Qf6 {[%clk 0:20:04]}
50. hxg6+ {[%clk 0:36:33]} Qxg6 {[%clk 0:20:20]} 51. Qxg6+ {[%clk 0:36:50]}
Kxg6 {[%clk 0:20:46]} 52. Bd2 {[%clk 0:37:10]} Bf8 {[%clk 0:18:57]} 53. Bc3
{[%clk 0:37:14]} b4 {[%clk 0:19:24]} 54. Bb2 {[%clk 0:37:43]} b3 {[%clk
0:19:50]} 0-1